C.R.A.Z.Y. = C.R.A.Z.Y. /
Αποθηκεύτηκε σε:
| Κύριος συγγραφέας: | |
|---|---|
| Άλλοι συγγραφείς: | , , , , , , , , , , , , |
| Μορφή: | |
| Γλώσσα: | Γαλλικά |
| Έκδοση: |
Montreal, Canadá :
Cirrus Communications,
2005
|
| Θέματα: | |
| Ετικέτες: |
Δεν υπάρχουν, Καταχωρήστε ετικέτα πρώτοι!
|
MARC
| LEADER | 00000ngm^a2200000^a^4500 | ||
|---|---|---|---|
| 001 | 000269082 | ||
| 005 | 20250521000000.0 | ||
| 009 | 20260310110913.432 | ||
| 037 | |a Acervo ITESO - Biblioteca | ||
| 041 | |a FRA | ||
| 082 | |a 819. 1 |b VAL | ||
| 100 | |a Vallée, Jean-Marc |e (realización) | ||
| 240 | 1 | 1 | |a [C.R.A.Z.Y.] |
| 245 | 1 | 0 | |a C.R.A.Z.Y. = |b C.R.A.Z.Y. / |c Realización de J.M. Vallée. |
| 264 | 1 | |a Montreal, Canadá : |b Cirrus Communications, |c 2005 | |
| 264 | 2 | |a México : |b Quality Films [distribución], |c 2007, c2007 | |
| 300 | |a 1 DVD regiones 1 y 4 |c (122, 22 min.) | ||
| 336 | |a imagen móvil bidimensional |b tdi |2 rdacontenido | ||
| 337 | |a video |b v |2 rdamedio | ||
| 338 | |a videodisco |b vd |2 rdasoporte | ||
| 546 | |a En francés, con subtítulos opcionales: español | ||
| 586 | |a Premio Genie, de la Academia Canadiense de Cine y Televisión (26°: 2005): Mejor Película (ganadora) | ||
| 586 | |a Premio Genie, de la Academia Canadiense de Cine y Televisión (26°: 2005): Mejor Dirección (ganador: Jean-Marc Vallée) | ||
| 586 | |a Premio Genie, de la Academia Canadiense de Cine y Televisión (26°: 2005): Película con más premios (10) | ||
| 586 | |a Premio Genie, de la Academia Canadiense de Cine y Televisión (26°: 2005): Película con más candidaturas finalistas (12) | ||
| 586 | |a Premio de la Academia Europea de Cine (18°: 2005): Mejor Película No Europea – Premio Pantalla Internacional (finalista) | ||
| 586 | |a Mejores Películas del Cine Canadiense: Encuesta del Festival Internacional de Cine de Toronto (4ª: 2015): 8ª | ||
| 649 | |a XX | ||
| 650 | |a Cineastas Canadienses | ||
| 650 | |a Hombres en el Cine | ||
| 650 | |a Hombres - |x Condiciones Sociales y Culturales | ||
| 650 | |a Familia Disfuncional en el Cine | ||
| 650 | |a Comedias Cinematográficas | ||
| 650 | |a Making Of (Documentales detrás de Cámaras) | ||
| 650 | |a Cine Gay y Lésbico - |z Quebec, Canadá | ||
| 650 | |a Cine Gay y Lésbico - |z Canadá | ||
| 650 | |a Cine en Francés - |z Canadá | ||
| 650 | |a Cine Quebequense - |y 2000-2009 | ||
| 650 | |a Cine Quebequense - |y Siglo XXI | ||
| 650 | |a Cine Quebequense - |x Historia y Crítica | ||
| 650 | |a Cine Canadiense - |y 2000-2009 | ||
| 650 | |a Cine Canadiense - |y Siglo XXI | ||
| 650 | |a Cine Canadiense - |x Historia y Crítica | ||
| 650 | |a Desarrollo Emocional | ||
| 650 | |a Educación Sentimental | ||
| 650 | |a Paternidad - |x Tema Principal | ||
| 650 | |a Relaciones Padres-Hijos - |x Tema Principal | ||
| 650 | |a Homofobia - |z Quebec, Canadá - |x Tema Principal | ||
| 650 | |a Homofobia - |z Canadá | ||
| 650 | |a Discriminación de Género - |z Quebec, Canadá | ||
| 650 | |a Discriminación de Género - |z Canadá | ||
| 650 | |a Homosexualidad - |z Quebec, Canadá - |x Aspectos Sociales y Culturales - |x Tema Principal | ||
| 650 | |a Homosexualidad - |z Canadá - |x Aspectos Sociales y Culturales | ||
| 650 | |a Sexualidad y Religión - |z Quebec, Canadá | ||
| 650 | |a Sexualidad y Religión - |z Canadá | ||
| 650 | |a Cambios Sociales y Culturales - |z Quebec, Canadá - |x Historia | ||
| 650 | |a Cambios Sociales y Culturales - |z Canadá - |x Historia | ||
| 650 | |a Historia Social - |z Quebec, Canadá | ||
| 650 | |a Historia Social - |z Canadá | ||
| 650 | |a Quebec, Canadá - |x Historia - |y 1957-2006 | ||
| 650 | |a Quebec, Canadá - |x Historia - |y Siglo XX | ||
| 650 | |a Canadá - |x Historia - |y 1957-2006 | ||
| 650 | |a Canadá - |x Historia - |y Siglo XX | ||
| 650 | |a Vallée, Jean-Marc | ||
| 740 | 0 | |a Crazy en escena = |b C.R.A.Z.Y. sur le plateau / |c Realización de M. Fournier. | |
| 700 | |a Vallée, Jean-Marc |e (guión) | ||
| 700 | |a Boulay, François |e (guión) | ||
| 700 | |a Mignot, Pierre |e (fotógrafo) | ||
| 700 | |a Jutras, Paul |e (montaje) | ||
| 700 | |a Côté, Michel |e (actuación) | ||
| 700 | |a Grondin, Marc-André |e (actuación) | ||
| 700 | |a Proulx, Danielle |e (actuación) | ||
| 700 | |a Fournier, Maryse |e (realización) | ||
| 700 | |a Fournier, Maryse |e (fotógrafo) | ||
| 700 | |a Bussières, Alexandre |e (fotógrafo) | ||
| 700 | |a Bourgault, Martin |e (montaje) | ||
| 700 | |a Arod, Jean-Christian |e (música) | ||
| 700 | |a Bilodeau, Martin |e (entrevista) | ||
| 910 | |a Fondo General | ||
| 920 | |a Audiovisuales - DVDs | ||
| 940 | |a Películas | ||
| 905 | |a 302 | ||
| 901 | |a 0500153033 |b IT2 |c DVS |u 20250521 | ||
| 902 | |a https://opac.biblio.iteso.mx/vufind/Record/000269082 | ||